000 01007nam a2200277 a 4500
001 BRCA_6413
005 20190321142929.0
008 080911s1933----gw-a######---#000-0#ger-#
041 _ager
044 _agw
050 4 _b.K86 4 1933
245 1 0 _aKunstwerke aus dem Besitz Baron Albert von Goldschmidt-Rothschild
_bSchloss Grüneburg, Frankfurt A. Main : Gemälde, Bronzen, Bijoux, Möbel, Porzellan, Tapisserien.
260 _aBerlín, Alemania
_bHermann Ball und Paul Graupe
_c1933
300 _a54 p.
_bil., 43 láminas
_c32 cm.
500 _aCatálogo No. 21
500 _aEn algunas piezas tiene el precio con letra de Franz Mayer
500 _aCatálogo de subasta inventariado por Banco de México como libro
500 _aVer también CDE28, CDE29 y CDE30
500 _aCDE31
650 1 4 _aArte
_vCatálogos
_zFrankfurt
_916034
650 1 4 _aArtes decorativas
_vCatálogos
_914086
650 1 4 _aPintura
_vCatálogos
_913336
650 1 4 _aSubastas
_97837
902 _aGFM
942 _2lcc
_cB
999 _c6098
_d6098